Kovové kompozitne materiály pripravené tvárnením za tepla

Na minha lista:
Detalhes bibliográficos
Autor principal: Juráš, Adrián (Author)
Outros Autores: Schrek, Alexander (Thesis advisor)
Formato: Manuscrito Livro
Idioma:eslovaco
Publicado em: 2023
Assuntos:
Acesso em linha:http://is.stuba.sk/zp/portal_zp.pl?podrobnosti=162524
Tags: Adicionar Tag
Sem tags, seja o primeiro a adicionar uma tag!

MARC

LEADER 00000ntm a22000003a 4500
001 stuzp94733
003 SK-STU
005 20231218111003.7
007 ta
008 150427s2015----xo-----f-mn---000-0-slo-d
040 |a STU  |b slo 
041 0 |a slo 
100 1 |a Juráš, Adrián  |u 020050  |4 aut  |U SjF Strojnícka fakulta  |T SjF Ústav technológií a materiálov  |X 110681  |U J0050  |Y 803  |7 110681 
242 0 1 |a Metal composite materials prepared by hot forming  |y eng 
245 1 0 |a Kovové kompozitne materiály pripravené tvárnením za tepla 
260 |c 2023 
650 4 |a Kovové kompozitné materiály  |2 slo 
650 4 |a Tvárnenie  |2 slo 
650 4 |a Difúzne spájanie  |2 slo 
650 4 |a Diffusion bonding  |2 eng 
650 4 |a Metal matrix composites  |2 eng 
650 4 |a Hot forming  |2 eng 
700 1 |a Schrek, Alexander  |u 020050  |k Z1  |4 ths  |U SjF Strojnícka fakulta  |T SjF Ústav technológií a materiálov  |X 2319  |U J0050  |Y 803  |7 A000002319 
856 4 |u http://is.stuba.sk/zp/portal_zp.pl?podrobnosti=162524 
996 |b 284J047318  |c J* 3538/DBP  |l JJSK  |s A  |a 24  |w stuzp94733_0001